Statistiken für Gemeinden des Kantons Thurgau

Klicken Sie hier um das Quiz zu spielen!

Allgemein

  • Dieses Quiz wurde 721 mal gespielt
  • Das Durchschnittsergebnis liegt bei 43 aus 80

Antworten auf der Karte

Die Antworten werden auf der Karte rot bzw. grün angezeigt, abhängig davon wie oft sie richtig erraten wurden.
 

Antwortstatistiken

EinwohnerGemeinde% Korrekt
25’781Frauenfeld
98%
22’188Kreuzlingen
94%
11’269Romanshorn
90%
11’602Weinfelden
88%
14’796Arbon
85%
13’816Amriswil
77%
3’746Steckborn
73%
3’449Berg
72%
5’982Bischofszell
67%
4’042Diessenhofen
66%
7’803Sirnach
66%
9’047Aadorf
65%
2’901Horn
64%
4’762Tägerwilen
63%
3’918Sulgen
62%
3’527Ermatingen
61%
5’680Münchwilen
61%
2’802Fischingen
60%
659Mammern
60%
1’832Eschenz
59%
4’480Eschlikon
57%
3’494Münsterlingen
57%
890Berlingen
56%
3’609Kradolf-Schönenberg
56%
1’777Schlatt
56%
4’769Wängi
56%
2’285Altnau
55%
4’699Egnach
55%
4’455Gachnang
55%
1’829Basadingen-
Schlattingen
54%
3’959Bürglen
54%
333Gottlieben
54%
2’071Pfyn
54%
2’803Rickenbach
54%
2’967Matzingen
53%
2’301Bottighofen
52%
3’003Müllheim
52%
1’893Uttwil
52%
999Kesswil
51%
2’606Affeltrangen
50%
2’878Bichelsee-Balterswil
50%
1’369Salenstein
50%
3’779Erlen
49%
1’211Lommis
49%
1’713Wagenhausen
49%
2’521Wilen
49%
2’458Bussnang
48%
2’869Felben-Wellhausen
48%
2’889Märstetten
48%
3’095Roggwil
48%
1’084Uesslingen-Buch
48%
1’047Wäldi
48%
1’661Güttingen
47%
1’542Homburg
47%
1’773Hüttwilen
47%
1’333Warth-Weiningen
47%
2’442Zihlschlacht-Sitterdorf
47%
1’048Neunforn
46%
1’477Salmsach
46%
1’115Herdern
45%
1’273Langrickenbach
45%
2’464Wigoltingen
45%
2’601Kemmental
44%
1’604Tobel-Tägerschen
44%
683Dozwil
43%
1’993Hauptwil-Gottshaus
43%
1’488Thundorf
43%
1’226Bettwiesen
42%
1’210Hefenhofen
42%
413Raperswilen
42%
1’224Stettfurt
41%
1’744Lengwil
40%
846Schönholzerswilen
40%
610Sommeri
40%
1’341Amlikon-Bissegg
39%
1’118Wuppenau
39%
584Hohentannen
38%
842Hüttlingen
38%
815Braunau
36%
1’340Birwinken
34%

Verteilung der Resultate

Perzentil nach korrekt beantworteten Fragen

Anzahl Personen mit jedem Resultat

Ihre Resultats-Entwicklung

Sie haben dieses Quiz noch nicht gespielt